Electronic power system installation practice

Chapter one. Electric power production, distribution, and utilization; chapter two. Organization of work, industrialized methods, and equipment used for installation and wiring; chapter three. General information on buildings and construction sites, ...

সংরক্ষণ করুন:
গ্রন্থ-পঞ্জীর বিবরন
প্রধান লেখক: Atabekov, V.
বিন্যাস: গ্রন্থ
ভাষা:Undetermined
প্রকাশিত: Moscow Mir Publishers 1980
বিষয়গুলি:
ট্যাগগুলো: ট্যাগ যুক্ত করুন
কোনো ট্যাগ নেই, প্রথমজন হিসাবে ট্যাগ করুন!
Thư viện lưu trữ: Trung tâm Học liệu Trường Đại học Cần Thơ
LEADER 00866nam a2200193Ia 4500
001 CTU_14108
008 210402s9999 xx 000 0 und d
082 |a 621.3192 
082 |b A862 
100 |a Atabekov, V. 
245 0 |a Electronic power system installation practice 
245 0 |c V. Atabekov ; translated from the Russian by O. Volodina 
260 |a Moscow 
260 |b Mir Publishers 
260 |c 1980 
520 |a Chapter one. Electric power production, distribution, and utilization; chapter two. Organization of work, industrialized methods, and equipment used for installation and wiring; chapter three. General information on buildings and construction sites, ... 
650 |a Electric power distribution,Phân phối điện năng 
904 |i Nguyễn Quang Điền, Hải 
980 |a Trung tâm Học liệu Trường Đại học Cần Thơ